00783nam a2200181 a 4500008004100000050002100041100001600062245011800078260003800196350000900234500002500243650001200268650002700280710005900307995009500366999001700461952012300478100203s1978 ||||||||||||||||| || u aGOV.ZAM(08)WP/16 aBanda, M. C14aThe de-densification process in George complex (monitoring report)cBy the Lusaka Housing Project Evaluation Team aLusaka:bGovernment Printerc1978 a0.00 aWorking Paper No. 16 aHOUSING aPUBLIC HOUSING--ZAMBIA aGovernment of the Republic of Zambia. Local Government D0.00FCBU-MAIN LIBRARY (Kitwe)H1I0.00M1978UAVAILABLEWFeb 3, 2010ZZambiana Collection c39449d39449 00102lcc4070a001b001cZambiana Collectiond2022-11-30l0oGOV.ZAM(08)WP/16p03005625r2022-11-30w2022-11-30y002